<?xml version="1.0" encoding="UTF-8"?>
<record
    xmlns:xsi="http://www.w3.org/2001/XMLSchema-instance"
    xsi:schemaLocation="http://www.loc.gov/MARC21/slim http://www.loc.gov/standards/marcxml/schema/MARC21slim.xsd"
    xmlns="http://www.loc.gov/MARC21/slim">

  <leader>02801nam0a2200433   4500</leader>
  <controlfield tag="001">rc\2000015</controlfield>
  <controlfield tag="005">20260406121728.0</controlfield>
  <datafield tag="035" ind1=" " ind2=" ">
    <subfield code="a">(NLR Aleph) 010168896</subfield>
  </datafield>
  <datafield tag="090" ind1=" " ind2=" ">
    <subfield code="a">10126319</subfield>
    <subfield code="c">10126319</subfield>
  </datafield>
  <datafield tag="100" ind1=" " ind2=" ">
    <subfield code="a">20080811e19151914|||y0rusy50      ca</subfield>
  </datafield>
  <datafield tag="101" ind1="0" ind2=" ">
    <subfield code="a">rus</subfield>
  </datafield>
  <datafield tag="102" ind1=" " ind2=" ">
    <subfield code="a">RU</subfield>
  </datafield>
  <datafield tag="105" ind1=" " ind2=" ">
    <subfield code="a">ch z |||e|</subfield>
  </datafield>
  <datafield tag="135" ind1=" " ind2=" ">
    <subfield code="a">crmn mmmaaada</subfield>
  </datafield>
  <datafield tag="200" ind1="1" ind2=" ">
    <subfield code="a">&#x418;&#x437; &#x43F;&#x435;&#x440;&#x435;&#x43F;&#x438;&#x441;&#x43A;&#x438; &#x418;.&#x410;. &#x413;&#x43E;&#x43D;&#x447;&#x430;&#x440;&#x43E;&#x432;&#x430;</subfield>
    <subfield code="e">(&#x43F;&#x438;&#x441;&#x44C;&#x43C;&#x430; &#x43A; &#x41C;.&#x410;. &#x438; &#x415;.&#x410;. &#x42F;&#x437;&#x44B;&#x43A;&#x43E;&#x432;&#x44B;&#x43C;, &#x418;.&#x424;. &#x413;&#x43E;&#x440;&#x431;&#x443;&#x43D;&#x43E;&#x432;&#x443;, &#x42E;.&#x414;. &#x415;&#x444;&#x440;&#x435;&#x43C;&#x43E;&#x432;&#x43E;&#x439;, &#x410;.&#x412;. &#x414;&#x440;&#x443;&#x436;&#x438;&#x43D;&#x438;&#x43D;&#x443; &#x438; &#x410;.&#x412;. &#x41F;&#x43B;&#x435;&#x442;&#x43D;&#x435;&#x432;&#x43E;&#x439;)</subfield>
    <subfield code="e">&#x441; &#x43F;&#x440;&#x438;&#x43B;&#x43E;&#x436;&#x435;&#x43D;&#x438;&#x435;&#x43C; &#x441;&#x43D;&#x438;&#x43C;&#x43A;&#x43E;&#x432; &#x441; &#x43F;&#x43E;&#x440;&#x442;&#x440;&#x435;&#x442;&#x430;, &#x430;&#x432;&#x442;&#x43E;&#x433;&#x440;&#x430;&#x444;&#x430; &#x438; &#x432;&#x438;&#x437;&#x438;&#x442;&#x43D;&#x43E;&#x439; &#x43A;&#x430;&#x440;&#x442;&#x43E;&#x447;&#x43A;&#x438;</subfield>
    <subfield code="f">[&#x441;&#x43E;&#x441;&#x442;. &#x438; &#x43F;&#x440;&#x435;&#x434;&#x438;&#x441;&#x43B;.]: &#x411;.&#x41B;. &#x41C;&#x43E;&#x434;&#x437;&#x430;&#x43B;&#x435;&#x432;&#x441;&#x43A;&#x438;&#x439;</subfield>
  </datafield>
  <datafield tag="210" ind1=" " ind2=" ">
    <subfield code="a">&#x41F;&#x435;&#x442;&#x440;&#x43E;&#x433;&#x440;&#x430;&#x434;</subfield>
    <subfield code="c">[&#x431;. &#x438;.]</subfield>
    <subfield code="d">1915</subfield>
  </datafield>
  <datafield tag="215" ind1=" " ind2=" ">
    <subfield code="a">39 &#x441;., [1] &#x43B;. &#x43F;&#x43E;&#x440;&#x442;&#x440;.</subfield>
    <subfield code="c">&#x444;&#x430;&#x43A;&#x441;.</subfield>
    <subfield code="d">25</subfield>
  </datafield>
  <datafield tag="300" ind1=" " ind2=" ">
    <subfield code="a">&#x41F;&#x435;&#x440;&#x435;&#x434; &#x437;&#x430;&#x433;&#x43B;.: &#x411;.&#x41B;. &#x41C;&#x43E;&#x434;&#x437;&#x430;&#x43B;&#x435;&#x432;&#x441;&#x43A;&#x438;&#x439;</subfield>
  </datafield>
  <datafield tag="311" ind1=" " ind2=" ">
    <subfield code="a">" &#x41E;&#x442;&#x434;. &#x43E;&#x442;&#x442;. &#x438;&#x437; "&#x412;&#x440;&#x435;&#x43C;&#x435;&#x43D;&#x43D;&#x438;&#x43A;&#x430; &#x41F;&#x443;&#x448;&#x43A;&#x438;&#x43D;&#x441;&#x43A;. &#x434;&#x43E;&#x43C;&#x430;. 1914 &#x433;."</subfield>
  </datafield>
  <datafield tag="325" ind1=" " ind2=" ">
    <subfield code="a">&#x41A;&#x43E;&#x43F;&#x438;&#x44F; &#x434;&#x43E;&#x441;&#x442;&#x443;&#x43F;&#x43D;&#x430; &#x432; &#x42D;&#x43B;&#x435;&#x43A;&#x442;&#x440;&#x43E;&#x43D;. &#x431;-&#x43A;&#x435; &#x420;&#x41D;&#x411; http://vivaldi.nlr.ru/bv000030604/view</subfield>
  </datafield>
  <datafield tag="488" ind1=" " ind2="0">
    <subfield code="1">2001#$a&#x412;&#x440;&#x435;&#x43C;&#x435;&#x43D;&#x43D;&#x438;&#x43A; &#x41F;&#x443;&#x448;&#x43A;&#x438;&#x43D;&#x441;&#x43A;&#x43E;&#x433;&#x43E; &#x434;&#x43E;&#x43C;&#x430;$v1914</subfield>
    <subfield code="t">&#x412;&#x440;&#x435;&#x43C;&#x435;&#x43D;&#x43D;&#x438;&#x43A; &#x41F;&#x443;&#x448;&#x43A;&#x438;&#x43D;&#x441;&#x43A;&#x43E;&#x433;&#x43E; &#x434;&#x43E;&#x43C;&#x430;</subfield>
  </datafield>
  <datafield tag="532" ind1="1" ind2="0">
    <subfield code="a">&#x418;&#x437; &#x43F;&#x435;&#x440;&#x435;&#x43F;&#x438;&#x441;&#x43A;&#x438; &#x418;&#x432;&#x430;&#x43D;&#x430; &#x410;&#x43B;&#x435;&#x43A;&#x441;&#x430;&#x43D;&#x434;&#x440;&#x43E;&#x432;&#x438;&#x447;&#x430; &#x413;&#x43E;&#x43D;&#x447;&#x430;&#x440;&#x43E;&#x432;&#x430;</subfield>
  </datafield>
  <datafield tag="700" ind1=" " ind2="1">
    <subfield code="8">rus</subfield>
    <subfield code="7">ca</subfield>
    <subfield code="a">&#x413;&#x43E;&#x43D;&#x447;&#x430;&#x440;&#x43E;&#x432;</subfield>
    <subfield code="b">&#x418;. &#x410;.</subfield>
    <subfield code="f">1812-1891</subfield>
    <subfield code="g">&#x418;&#x432;&#x430;&#x43D; &#x410;&#x43B;&#x435;&#x43A;&#x441;&#x430;&#x43D;&#x434;&#x440;&#x43E;&#x432;&#x438;&#x447;</subfield>
    <subfield code="3">RU\NLR\AUTH\77582</subfield>
    <subfield code="9">110628</subfield>
  </datafield>
  <datafield tag="702" ind1=" " ind2="1">
    <subfield code="4">080</subfield>
    <subfield code="4">220</subfield>
    <subfield code="8">rus</subfield>
    <subfield code="7">ca</subfield>
    <subfield code="a">&#x41C;&#x43E;&#x434;&#x437;&#x430;&#x43B;&#x435;&#x432;&#x441;&#x43A;&#x438;&#x439;</subfield>
    <subfield code="b">&#x411;. &#x41B;.</subfield>
    <subfield code="f">1874-1928</subfield>
    <subfield code="g">&#x411;&#x43E;&#x440;&#x438;&#x441; &#x41B;&#x44C;&#x432;&#x43E;&#x432;&#x438;&#x447;</subfield>
    <subfield code="3">RU\NLR\AUTH\7748471</subfield>
    <subfield code="9">31406</subfield>
  </datafield>
  <datafield tag="702" ind1=" " ind2="1">
    <subfield code="4">660</subfield>
    <subfield code="8">rus</subfield>
    <subfield code="7">ca</subfield>
    <subfield code="a">&#x42F;&#x437;&#x44B;&#x43A;&#x43E;&#x432;&#x430;</subfield>
    <subfield code="b">&#x415;. &#x410;.</subfield>
    <subfield code="f">-1896</subfield>
    <subfield code="g">&#x415;&#x43A;&#x430;&#x442;&#x435;&#x440;&#x438;&#x43D;&#x430; &#x410;&#x43B;&#x435;&#x43A;&#x441;&#x430;&#x43D;&#x434;&#x440;&#x43E;&#x432;&#x43D;&#x430;</subfield>
    <subfield code="3">RU\NLR\AUTH\7796947</subfield>
    <subfield code="9">79873</subfield>
  </datafield>
  <datafield tag="702" ind1=" " ind2="1">
    <subfield code="4">660</subfield>
    <subfield code="8">rus</subfield>
    <subfield code="7">ca</subfield>
    <subfield code="a">&#x42F;&#x437;&#x44B;&#x43A;&#x43E;&#x432;</subfield>
    <subfield code="b">&#x41C;. &#x410;.</subfield>
    <subfield code="f">1811-1885</subfield>
    <subfield code="g">&#x41C;&#x438;&#x445;&#x430;&#x438;&#x43B; &#x410;&#x43B;&#x435;&#x43A;&#x441;&#x430;&#x43D;&#x434;&#x440;&#x43E;&#x432;&#x438;&#x447;</subfield>
    <subfield code="3">RU\NLR\AUTH\7796944</subfield>
    <subfield code="9">79870</subfield>
  </datafield>
  <datafield tag="702" ind1=" " ind2="1">
    <subfield code="4">660</subfield>
    <subfield code="8">rus</subfield>
    <subfield code="7">ca</subfield>
    <subfield code="a">&#x413;&#x43E;&#x440;&#x431;&#x443;&#x43D;&#x43E;&#x432;</subfield>
    <subfield code="b">&#x418;. &#x424;.</subfield>
    <subfield code="f">1831-1895</subfield>
    <subfield code="g">&#x418;&#x432;&#x430;&#x43D; &#x424;&#x435;&#x434;&#x43E;&#x440;&#x43E;&#x432;&#x438;&#x447;</subfield>
    <subfield code="3">RU\NLR\AUTH\7762581</subfield>
    <subfield code="9">45511</subfield>
  </datafield>
  <datafield tag="702" ind1=" " ind2="1">
    <subfield code="4">660</subfield>
    <subfield code="8">rus</subfield>
    <subfield code="7">ca</subfield>
    <subfield code="a">&#x415;&#x444;&#x440;&#x435;&#x43C;&#x43E;&#x432;&#x430;</subfield>
    <subfield code="b">&#x42E;. &#x414;.</subfield>
    <subfield code="g">&#x42E;&#x43D;&#x438;&#x44F; &#x414;&#x43C;&#x438;&#x442;&#x440;&#x438;&#x435;&#x432;&#x43D;&#x430;</subfield>
    <subfield code="3">RU\NLR\AUTH\7796957</subfield>
    <subfield code="9">79883</subfield>
  </datafield>
  <datafield tag="702" ind1=" " ind2="1">
    <subfield code="4">660</subfield>
    <subfield code="8">rus</subfield>
    <subfield code="7">ca</subfield>
    <subfield code="a">&#x414;&#x440;&#x443;&#x436;&#x438;&#x43D;&#x438;&#x43D;</subfield>
    <subfield code="b">&#x410;. &#x412;.</subfield>
    <subfield code="c">&#x43F;&#x438;&#x441;&#x430;&#x442;&#x435;&#x43B;&#x44C;</subfield>
    <subfield code="f">1824-1864</subfield>
    <subfield code="g">&#x410;&#x43B;&#x435;&#x43A;&#x441;&#x430;&#x43D;&#x434;&#x440; &#x412;&#x430;&#x441;&#x438;&#x43B;&#x44C;&#x435;&#x432;&#x438;&#x447;</subfield>
    <subfield code="3">RU\NLR\AUTH\7762584</subfield>
    <subfield code="9">45514</subfield>
  </datafield>
  <datafield tag="702" ind1=" " ind2="1">
    <subfield code="4">660</subfield>
    <subfield code="8">rus</subfield>
    <subfield code="7">ca</subfield>
    <subfield code="a">&#x41F;&#x43B;&#x435;&#x442;&#x43D;&#x435;&#x432;&#x430;</subfield>
    <subfield code="b">&#x410;. &#x412;.</subfield>
    <subfield code="f">1826-1901</subfield>
    <subfield code="g">&#x410;&#x43B;&#x435;&#x43A;&#x441;&#x430;&#x43D;&#x434;&#x440;&#x430; &#x412;&#x430;&#x441;&#x438;&#x43B;&#x44C;&#x435;&#x432;&#x43D;&#x430;</subfield>
    <subfield code="3">RU\NLR\AUTH\7796963</subfield>
    <subfield code="9">79889</subfield>
  </datafield>
  <datafield tag="801" ind1=" " ind2="0">
    <subfield code="a">RU</subfield>
    <subfield code="b">NLR</subfield>
    <subfield code="g">psbo</subfield>
  </datafield>
  <datafield tag="801" ind1=" " ind2="0">
    <subfield code="a">RU</subfield>
    <subfield code="b">RuMoRGB</subfield>
    <subfield code="2">psbo</subfield>
  </datafield>
  <datafield tag="801" ind1=" " ind2="1">
    <subfield code="a">RU</subfield>
    <subfield code="b">ProSoft-M</subfield>
    <subfield code="2">rusmarc</subfield>
  </datafield>
  <datafield tag="801" ind1=" " ind2="2">
    <subfield code="a">RU</subfield>
    <subfield code="b">NLR</subfield>
    <subfield code="c">20110303</subfield>
    <subfield code="2">rusmarc</subfield>
  </datafield>
  <datafield tag="852" ind1=" " ind2=" ">
    <subfield code="a">NLR</subfield>
    <subfield code="j">37.56.4.444</subfield>
  </datafield>
  <datafield tag="942" ind1=" " ind2=" ">
    <subfield code="c">BOOK</subfield>
  </datafield>
  <datafield tag="980" ind1=" " ind2=" ">
    <subfield code="a">NB</subfield>
  </datafield>
  <datafield tag="981" ind1="3" ind2="3">
    <subfield code="a">(33) &#x425;&#x443;&#x434;&#x43E;&#x436;&#x435;&#x441;&#x442;&#x432;&#x435;&#x43D;&#x43D;&#x430;&#x44F; &#x43B;&#x438;&#x442;&#x435;&#x440;&#x430;&#x442;&#x443;&#x440;&#x430;</subfield>
    <subfield code="b">(33) &#x41E;&#x442;&#x435;&#x447;&#x435;&#x441;&#x442;&#x432;&#x435;&#x43D;&#x43D;&#x430;&#x44F; &#x43B;&#x438;&#x442;&#x435;&#x440;&#x430;&#x442;&#x443;&#x440;&#x430;</subfield>
  </datafield>
</record>
